000 00269nam a22001097a 4500
082 _a004.16 GOO'H
100 _aGOODMAN, DANNY
_966404
245 _aHOW TO BUY AND IBMPC OR COMPITABLE COMPUTER
260 _aNEWYORK
_bPC WORLD BOOK
_c1984
300 _a207P
942 _cBK
999 _c574381
_d574381